Score 0/72 Timer 12:00
0 Plays Today
Status Country % Correct
IndependentUnited Kingdom
96.3%
IndependentUnited States of America
95.8%
IndependentGermany
94.7%
IndependentRussia
94.7%
IndependentSweden
94.4%
IndependentCanada
94%
IndependentChina
93.5%
IndependentGerman Austria
93.5%
IndependentNorway
92.8%
IndependentFrance
92.4%
IndependentFinland
92.1%
IndependentJapan
92.1%
IndependentMexico
91.7%
IndependentAustralia
91.5%
IndependentBrazil
91.5%
IndependentDenmark
90.8%
IndependentHungary
90.4%
IndependentPoland
90.2%
IndependentPortugal
90.2%
IndependentArgentina
90.1%
IndependentSpain
89.8%
IndependentItaly
87.5%
IndependentChile
86.6%
IndependentBelgium
86.3%
IndependentPeru
86.3%
IndependentNetherlands
86.2%
IndependentGreece
86%
IndependentSwitzerland
85.9%
IndependentColombia
85%
IndependentNew Zealand
84.5%
DissolutedCzechoslovakia
84.3%
IndependentLuxembourg
83.7%
IndependentVenezuela
83.6%
IndependentPanama
83.2%
IndependentCuba
82.9%
IndependentParaguay
82.9%
Status Country % Correct
IndependentUruguay
82.7%
IndependentHonduras
82.6%
IndependentAndorra
81.9%
IndependentBolivia
80.6%
IndependentEl Salvador
80.4%
IndependentEcuador
79.1%
IndependentLiechtenstein
79.1%
IndependentEstonia
78.7%
IndependentLatvia
78.7%
IndependentLithuania
78.6%
IndependentGuatemala
78%
IndependentSan Marino
77.8%
IndependentCosta Rica
77.7%
IndependentNicaragua
77.6%
IndependentHaiti
77.1%
IndependentBulgaria
77%
IndependentSouth Africa
76.3%
IndependentMonaco
75.7%
IndependentAlbania
75.3%
IndependentIceland
73.7%
IndependentAbyssinia
72.9%
IndependentDominican Republic
71.4%
DissolutedOttoman Empire
69.5%
IndependentAfghanistan
65.2%
IndependentLiberia
64.9%
IndependentYemen
63.7%
IndependentPersia
62.3%
DissolutedSiam
56.7%
IndependentRumania
39.4%
DefunctNewfoundland
26.6%
DefunctHejaz
26.2%
DefunctNejd
23.3%
DefunctAsir
21.2%
DefunctHa'il
19.7%
DissolutedSerbs, Croats and Slovenes
18.8%
DefunctAsir Upper
18%
Remove Ads.
Support Sporcle.
Get the best of Sporcle when you Go Orange. This ad-free experience offers more features, more stats, and more fun while also helping to support Sporcle. Thank you for becoming a member.

You're not logged in!

Compare scores with friends on all Sporcle quizzes.
OR
Log In

Show Comments

Extras

Top Quizzes Today


Score Distribution

Your Account Isn't Verified!

In order to create a playlist on Sporcle, you need to verify the email address you used during registration. Go to your Sporcle Settings to finish the process.

Report this User

Report this user for behavior that violates our Community Guidelines.

Details: